ULTRASOUND OF THE MUSCULOSKELETAL SYSTEM (Record no. 14310)

MARC details
000 -LEADER
fixed length control field 00260nam a22001217a 4500
003 - CONTROL NUMBER IDENTIFIER
control field SGT
082 ## - DEWEY DECIMAL CLASSIFICATION NUMBER
Classification number 616.0757
Item number U07B
100 ## - MAIN ENTRY--PERSONAL NAME
Personal name BIANCHI,S
245 ## - TITLE STATEMENT
Title ULTRASOUND OF THE MUSCULOSKELETAL SYSTEM
260 ## - PUBLICATION, DISTRIBUTION, ETC. (IMPRINT)
Name of publisher, distributor, etc SPRINGER
Year of Publication 2007
300 ## - PAGE DESCRIPTION
No. of Pages 974
942 ## - ADDED ENTRY ELEMENTS (KOHA)
Source of classification or shelving scheme Dewey Decimal Classification
Koha item type Books
Holdings
Withdrawn status Lost status Source of classification or shelving scheme Damaged status Not for loan Collection code Home library Current library Shelving location Date acquired Vendor Name Cost, normal purchase price SGTU Bill Number Total Checkouts Full call number Accession No. (Barcode) Date last seen Bill Date Koha item type
    Dewey Decimal Classification     MEDICAL SGT Medical Library SGT Medical Library Reference Book 27/12/2017 ABC DELHI 4500.00 SGTU 8707   616.0757 U07B FM9213 27/12/2017 08/08/2017 Books